Social Climate as a Contextual variable /

Sparad:
Bibliografiska uppgifter
Huvudupphovsman: van der Eeden, Pieter
Övriga upphovsmän: Hüttner, Harry J M
Materialtyp: Text
Taggar: Lägg till en tagg
Inga taggar, Lägg till första taggen!

MARC

LEADER 00000 a a2200000 04500
001 48391
003
040
100 |a van der Eeden, Pieter  
245 |a Social Climate as a Contextual variable /  |c Pieter van der Eeden, Harry J M Hüttner  
500 |a Contiene los temas: A definition of "social climate", The use of aggregated indicators for "social climate"  
700 |a Hüttner, Harry J M  
773 |g volumen30, número 3, (1982), páginas 69-80  
999 |c 21294  |d 21294